|
|
|
|
| LEADER |
00000nab a2200000 a 4500 |
| 001 |
vtls000761917 |
| 003 |
SK-MaSNL |
| 005 |
20260303181822.0 |
| 008 |
160405c2000 xo 0 slo |
| 015 |
|
|
|a SNBRB2001/07-20789
|
| 035 |
|
|
|a CLN000113704
|
| 040 |
|
|
|a SNKBUCL
|b slo
|c SNKBUCL
|e AACR2
|
| 041 |
0 |
|
|a slo
|
| 044 |
|
|
|a xo
|c SK
|
| 080 |
|
|
|a 579.61:616.9:061.3
|2 1997
|
| 080 |
|
|
|a 616.9
|2 1997
|
| 080 |
|
|
|a 578.82/.83
|2 1997
|
| 100 |
1 |
|
|a Bazovská, Sylvia,
|d 1938-
|4 aut
|9 39666
|
| 245 |
1 |
0 |
|a II. zjazd Mikrobiologicko-epidemiologickej spoločnosti SLS
|c Sylvia Bazovská
|
| 300 |
|
|
|b Obr.
|
| 610 |
2 |
7 |
|a Slovenská lekárska spoločnosť
|b Mikrobiologicko-epidemiologická spoločnosť
|d 2000
|2 SNK
|9 1208851
|
| 650 |
0 |
7 |
|a kongresy
|2 SNKPH
|9 19200
|
| 650 |
0 |
7 |
|a medzinárodná spolupráca
|2 SNKPH
|9 4911
|
| 650 |
0 |
7 |
|a vírus HIV
|2 SNKPH
|9 67485
|
| 650 |
0 |
7 |
|a Ebola vírus
|2 SNKPH
|9 23585
|
| 650 |
0 |
7 |
|a mikrobiológia
|2 SNKPH
|9 3580
|
| 650 |
0 |
7 |
|a mikrobiálna lieková rezistencia
|2 SNK
|9 1208852
|
| 655 |
|
7 |
|a články z novín a časopisov
|2 SNK
|9 267496
|
| 773 |
0 |
|
|t Nemocnica
|g Roč. 7, č. 3-4 (2000), s. 33
|
| 850 |
|
|
|a Slovenská národná knižnica v Martine
|
| 852 |
|
|
|a SNK
|b KIS3GCP
|
| 958 |
|
|
|a MI
|
| 958 |
|
|
|a SK
|
| 958 |
|
|
|a RBX
|
| 999 |
|
|
|c 2114181
|d 2116111
|